| 000 | 00418nam a22000977a 4500 | ||
|---|---|---|---|
| 008 | 150605b xxu||||| |||| 00| 0 eng d | ||
| 010 | _8CAF:66b | ||
| 245 | _aCOURT OF APPEAL CIVIL APPEAL NO.28 0F 2011 Kabandize And 20 Others Vs Kampala Capital City Authority | ||
| 260 | _6Court Of Appeal Kampala | ||
| 500 | _3CORAM:Hon.Justice A.S.Nshimye,JA ,Hon.Mr.Justice Kenneth Kakuru,JA ,Hon.Lady Justice Prof.Lillian E. Tibatemwa,JA | ||
| 999 |
_c6017 _d6017 |
||